书目信息 |
| 题名: |
西北远征记
|
|
| 作者: | 宣侠父 编 | |
| 分册: | ||
| 出版信息: | 北京 文史资料出版社 1982 |
|
| 页数: | 177页 | |
| 开本: | 19cm | |
| 丛书名: | ||
| 单 册: | ||
| 中图分类: | K262.06 , K206 | |
| 科图分类: | ||
| 主题词: | 史料--中国--1924~1927 , 中国--通史 | |
| 电子资源: | ||
| ISBN: | ||
| 000 | 00642nam0 2200241 450 | |
| 001 | 1566050469 | |
| 005 | 20150129182123.03 | |
| 010 | @dCNY0.68 | |
| 091 | @a11224.85 | |
| 100 | @a19950313d1982 em y0chiy0110 ea | |
| 101 | 0 | @achi |
| 102 | @aCN@b110000 | |
| 105 | @af z 000yy | |
| 200 | 1 | @a西北远征记@9xi bei yuan zheng ji@f宣侠父编 |
| 210 | @a北京@c文史资料出版社@d1982 | |
| 215 | @a177页@c照片@d19cm | |
| 606 | 0 | @a史料@y中国@z1924~1927 |
| 606 | 0 | @a中国@x通史 |
| 690 | @aK262.06@v5 | |
| 690 | @aK206@v4 | |
| 701 | 0 | @a宣侠父@9xuan xia fu@f(1899.12.5~1938.7.31)@4编 |
| 801 | 0 | @aCN@bTSSF@c20150129 |
| 905 | @aZUCC@dK206@eJY25 | |
| 西北远征记/宣侠父编.-北京:文史资料出版社,1982 |
| 177页:照片;19cm |
| ISBN :CNY0.68 |
| ● |
| 相关链接 |
|
|
|
|
正题名:西北远征记
索取号:K206/JY25
 
预约/预借
| 序号 | 登录号 | 条形码 | 馆藏地/架位号 | 状态 | 备注 |
| 1 | 7863646 | 278636460 | 学院路分馆/ [索取号:K206/JY25] | 在馆 |